[Event "BL 1617 SV Mülheim Nord - Bayern Münc"]
[Site "?"]
[Date "2016.12.03"]
[Round "5.3"]
[White "Dragnev, Valentin"]
[Black "Berelowitsch, Alexander"]
[Result "1/2-1/2"]
[WhiteElo "2475"]
[BlackElo "2523"]
[PlyCount "130"]
[EventDate "2016.??.??"]

1. e4 e6 2. d4 d5 3. Nd2 c5 4. Ngf3 Nc6 5. exd5 exd5 6. Bb5 Bd6 7. O-O Nge7 8.
dxc5 Bxc5 9. Nb3 Bb6 10. Re1 O-O 11. Be3 Bg4 12. h3 Bh5 13. Bxb6 axb6 14. Be2
Qd6 15. c3 Rfe8 16. Qd2 f6 17. Nfd4 Bf7 18. Bb5 Qd7 19. Re3 Ng6 20. Rxe8+ Rxe8
21. Re1 Nge5 22. Qf4 Bg6 23. Nd2 Re7 24. Re3 Qc8 25. Qg3 Qc7 26. Qf4 Nxd4 27.
Qxd4 Bf7 28. Nf1 Qc5 29. Ba4 Kf8 30. Qh4 Qc4 31. Qxc4 Nxc4 32. Rxe7 Kxe7 33. b4
Kd6 34. Bb3 Na3 35. Ne3 Be6 36. Kf1 Nb5 37. Nd1 d4 38. c4 Nc3 39. Nb2 b5 40.
Ke1 bxc4 41. Nxc4+ Bxc4 42. Bxc4 g5 43. Kd2 Ke5 44. Bg8 Ne4+ 45. Ke1 h6 46. Bc4
Nc3 47. Kd2 f5 48. Kd3 Ne4 49. Ke2 f4 50. Bb3 h5 51. a4 g4 52. hxg4 hxg4 53. f3
gxf3+ 54. gxf3 Ng5 55. a5 d3+ 56. Kxd3 Nxf3 57. Bd1 Nd4 58. Kc4 f3 59. Bxf3
Nxf3 60. Kc5 Nd4 61. Kb6 Kd5 62. Kxb7 Kc4 63. a6 Nb5 64. a7 Nxa7 65. Kxa7 Kxb4
1/2-1/2

[Event "BL 1617 SV Mülheim Nord - Bayern Münc"]
[Site "?"]
[Date "2016.12.03"]
[Round "5.4"]
[White "Levin, Felix"]
[Black "Johansson, Linus"]
[Result "1-0"]
[WhiteElo "2530"]
[BlackElo "2407"]
[PlyCount "113"]
[EventDate "2016.??.??"]

1. d4 Nf6 2. c4 e6 3. Nc3 Bb4 4. Qc2 d5 5. a3 Bxc3+ 6. Qxc3 Ne4 7. Qc2 c5 8.
dxc5 Nc6 9. e3 Qa5+ 10. Bd2 Qxc5 11. Rc1 Qe7 12. Nf3 O-O 13. Bd3 Nxd2 14. Qxd2
dxc4 15. Rxc4 e5 16. O-O Be6 17. Rc3 Rad8 18. Qc2 g6 19. Be4 Bd5 20. b4 a6 21.
Rc5 Bxe4 22. Qxe4 Rfe8 23. h3 Kg7 24. Rfc1 Rd7 25. g4 Red8 26. a4 Rd1+ 27. Kg2
Rxc1 28. Rxc1 Qxb4 29. Qxb4 Nxb4 30. Rc7 Kf6 31. Rxb7 Nd5 32. Ra7 Rd6 33. h4
Rc6 34. Ng5 Nc7 35. Nxh7+ Kg7 36. Ng5 Rc4 37. Kf3 Kg8 38. h5 gxh5 39. gxh5 f6
40. Ne4 Nd5 41. Rxa6 f5 42. Nf6+ Nxf6 43. Rxf6 f4 44. a5 Ra4 45. a6 Kg7 46. Rb6
fxe3 47. fxe3 Kh7 48. e4 Kg7 49. h6+ Kh7 50. Re6 Kg8 51. Kg4 Rxe4+ 52. Kf5 Ra4
53. Kxe5 Kh7 54. Rc6 Ra1 55. Kd5 Ra2 56. Kc5 Rb2 57. a7 1-0

[Event "BL 1617 SV Mülheim Nord - Bayern Münc"]
[Site "?"]
[Date "2016.12.03"]
[Round "5.5"]
[White "Lindgren, Philip"]
[Black "Feygin, Michael"]
[Result "0-1"]
[WhiteElo "2424"]
[BlackElo "2478"]
[PlyCount "88"]
[EventDate "2016.??.??"]

1. d4 e6 2. c4 Nf6 3. Nf3 c5 4. d5 exd5 5. cxd5 d6 6. Nc3 g6 7. Bf4 a6 8. Nd2
Nh5 9. Qa4+ Qd7 10. Qe4+ Kd8 11. Nc4 Kc7 12. Bd2 b5 13. Na5 Bg7 14. b4 Re8 15.
Qc2 Qf5 16. Qxf5 Bxf5 17. Rc1 Nd7 18. f3 Ne5 19. e4 Bd7 20. Be2 f5 21. f4 Ng4
22. bxc5 fxe4 23. cxd6+ Kb6 24. Bxg4 Bxg4 25. Na4+ bxa4 26. Rc6+ Kb5 27. O-O a3
28. Rb1+ Bb2 29. Nc4 Reb8 30. Nxa3+ Ka4 31. Nc2 Bd4+ 32. Nxd4 Rxb1+ 33. Kf2 Rb2
34. Rc4+ Ka3 35. Nc2+ Kxa2 36. Bc1 Kb3 37. Rb4+ Kxc2 38. Bxb2 Nxf4 39. Rxe4
Kxb2 40. Rxf4 Bd7 41. Rb4+ Kc3 42. Rb7 Rd8 43. Ke3 Bb5 44. Rb6 Kc4 0-1

[Event "BL 1617 SV Mülheim Nord - Bayern Münc"]
[Site "?"]
[Date "2016.12.03"]
[Round "5.6"]
[White "Zelbel, Patrick"]
[Black "Schenk, Andreas"]
[Result "1/2-1/2"]
[WhiteElo "2448"]
[BlackElo "2466"]
[PlyCount "55"]
[EventDate "2016.??.??"]

1. e4 e6 2. d4 d5 3. Nd2 c5 4. exd5 Qxd5 5. Ngf3 cxd4 6. Bc4 Qd6 7. O-O Nf6 8.
Nb3 Nc6 9. Nbxd4 Nxd4 10. Nxd4 a6 11. Re1 Qc7 12. Bf1 Be7 13. Qf3 O-O 14. Bf4
Bd6 15. Bxd6 Qxd6 16. Rad1 Qc7 17. c4 Bd7 18. h3 Rfd8 19. g4 h6 20. h4 e5 21.
Nf5 Bxf5 22. Qxf5 Rxd1 23. Rxd1 Qc8 24. Qxc8+ Rxc8 25. g5 hxg5 26. hxg5 Ne4 27.
g6 Nf6 28. Bh3 1/2-1/2

[Event "BL 1617 SV Mülheim Nord - Bayern Münc"]
[Site "?"]
[Date "2016.12.03"]
[Round "5.7"]
[White "Reich, Thomas"]
[Black "Saltaev, Mihail"]
[Result "1/2-1/2"]
[WhiteElo "2362"]
[BlackElo "2485"]
[PlyCount "132"]
[EventDate "2016.??.??"]

1. d4 d5 2. Bf4 c5 3. e3 Nc6 4. c3 Nf6 5. Nd2 Bf5 6. Qb3 Qc8 7. Ngf3 e6 8. Nh4
Be4 9. Nxe4 dxe4 10. g3 h6 11. Ng2 Be7 12. Be5 O-O 13. Bxf6 Bxf6 14. Be2 cxd4
15. exd4 Bxd4 16. cxd4 Nxd4 17. Qc3 Nc2+ 18. Kd2 Nxa1 19. Rxa1 Rd8+ 20. Ke1
Qxc3+ 21. bxc3 Rac8 22. Rc1 Rc5 23. Ne3 f5 24. h4 Kf7 25. h5 Kf6 26. a4 b6 27.
c4 Rd4 28. Rb1 Ra5 29. Rb4 Ke7 30. Nc2 Rd6 31. Na1 Re5 32. Rb3 Kd7 33. Re3 Ra5
34. Nb3 Rxa4 35. c5 Rdd4 36. Nxd4 Rxd4 37. Ra3 bxc5 38. Rxa7+ Kd6 39. Rxg7 c4
40. Bd1 c3 41. Ra7 e3 42. Ra6+ Ke7 43. fxe3 Rd3 44. Be2 Rxe3 45. Kf2 Re4 46.
Rc6 f4 47. g4 Re3 48. Rc4 e5 49. Rc6 e4 50. Rxh6 Rh3 51. Rc6 Rh2+ 52. Kf1 f3
53. Bxf3 exf3 54. Rxc3 Rg2 55. Re3+ Kd6 56. Re4 Kd5 57. Ra4 Ke5 58. h6 Kf6 59.
Ra8 Rh2 60. Ra5 Kg6 61. g5 Rc2 62. Ra8 Rh2 63. Rg8+ Kh7 64. Rg7+ Kh8 65. Rf7
Rg2 66. Rg7 Rh2 1/2-1/2

[Event "BL 1617 SV Mülheim Nord - Bayern Münc"]
[Site "?"]
[Date "2016.12.03"]
[Round "5.8"]
[White "Dinstuhl, Volkmar"]
[Black "Gretz, Denis"]
[Result "0-1"]
[WhiteElo "2409"]
[BlackElo "2288"]
[PlyCount "80"]
[EventDate "2016.??.??"]

1. d4 f5 2. Nc3 Nf6 3. Bg5 d5 4. f3 Nc6 5. Qd2 e6 6. O-O-O Be7 7. e4 fxe4 8.
fxe4 dxe4 9. Bb5 O-O 10. Nh3 Nb4 11. Bxf6 gxf6 12. a3 c6 13. Be2 Nd5 14. Nxe4
b5 15. c3 Bd7 16. Nc5 Bxc5 17. dxc5 Qe7 18. b4 e5 19. Nf2 f5 20. g4 fxg4 21.
Nxg4 Bxg4 22. Bxg4 Rf4 23. Rhg1 Kh8 24. Rdf1 Raf8 25. Be2 Qh4 26. Rxf4 Rxf4 27.
Rg2 Qh3 28. Bxb5 cxb5 29. Kb2 Qe6 30. Qd3 a6 31. Qg3 Qf7 32. Rd2 Ne7 33. Qg5
Qg7 34. Rd8+ Ng8 35. Qh5 Rf2+ 36. Kb3 e4 37. c6 Rf3 38. Qc5 Qf7+ 39. Rd5 Rd3
40. c7 Rxd5 0-1

[Event "BL 1617 SG Solingen - MSA Zugzwang"]
[Site "?"]
[Date "2016.12.03"]
[Round "5.1"]
[White "Bromberger, Stefan"]
[Black "Ragger, Markus"]
[Result "0-1"]
[WhiteElo "2525"]
[BlackElo "2689"]
[PlyCount "84"]
[EventDate "2016.??.??"]

1. e4 c6 2. d4 d5 3. Nc3 dxe4 4. Nxe4 Bf5 5. Ng3 Bg6 6. h4 h6 7. Nf3 e6 8. Ne5
Bh7 9. Bd3 Bxd3 10. Qxd3 Nd7 11. f4 Be7 12. Bd2 Nxe5 13. fxe5 Bxh4 14. O-O-O
Bxg3 15. Qxg3 Ne7 16. Bg5 Nf5 17. Qf4 Qd7 18. g4 Ne7 19. Bxe7 Qxe7 20. Rh5
O-O-O 21. c3 c5 22. g5 cxd4 23. gxh6 dxc3 24. Rxd8+ Qxd8 25. bxc3 gxh6 26. Qxf7
Qd5 27. Rxh6 Rxh6 28. Qf8+ Kc7 29. Qxh6 Qxa2 30. Qe3 Qc4 31. Kb2 a5 32. Qe1 a4
33. Ka1 Qb5 34. Qh4 Qxe5 35. Qe7+ Kc6 36. Kb2 Qd5 37. Qe8+ Kb6 38. Kc1 a3 39.
Qa4 a2 40. Qb4+ Kc6 41. Qa4+ Kc7 42. Kc2 Qf5+ 0-1

[Event "BL 1617 SG Solingen - MSA Zugzwang"]
[Site "?"]
[Date "2016.12.03"]
[Round "5.2"]
[White "Predojevic, Borki"]
[Black "Kindermann, Stefan"]
[Result "1/2-1/2"]
[WhiteElo "2616"]
[BlackElo "2507"]
[PlyCount "41"]
[EventDate "2016.??.??"]

1. e4 e6 2. d4 d5 3. Nd2 c5 4. exd5 Qxd5 5. dxc5 Qxc5 6. Ngf3 Nf6 7. Bd3 Be7 8.
O-O O-O 9. Re1 Nbd7 10. Ne4 Qc7 11. Nxf6+ Bxf6 12. c3 Nc5 13. Ng5 Bxg5 14. Bxg5
f6 15. Be3 Nxd3 16. Qxd3 Rd8 17. Qe4 e5 18. f4 exf4 19. Qxf4 Qxf4 20. Bxf4 Kf7
21. a4 1/2-1/2

[Event "BL 1617 SG Solingen - MSA Zugzwang"]
[Site "?"]
[Date "2016.12.03"]
[Round "5.3"]
[White "Schramm, Christian"]
[Black "Smeets, Jan"]
[Result "0-1"]
[WhiteElo "2384"]
[BlackElo "2593"]
[PlyCount "48"]
[EventDate "2016.??.??"]

1. e4 c5 2. Nf3 d6 3. d4 cxd4 4. Nxd4 Nf6 5. Nc3 a6 6. Bc4 e6 7. Bb3 Nbd7 8.
Qe2 Nc5 9. Bg5 Be7 10. h4 h6 11. Bd2 Qc7 12. O-O-O b5 13. g4 Bb7 14. f3 g6 15.
g5 Nh5 16. Qh2 b4 17. Na4 Nxb3+ 18. axb3 e5 19. Ne2 Rc8 20. Kb1 d5 21. Ng3 Nxg3
22. Qxg3 dxe4 23. Rhe1 Qxc2+ 24. Ka2 Qxb3+ 0-1

[Event "BL 1617 SG Solingen - MSA Zugzwang"]
[Site "?"]
[Date "2016.12.03"]
[Round "5.4"]
[White "Nikolic, Predrag"]
[Black "Zysk, Robert"]
[Result "1/2-1/2"]
[WhiteElo "2615"]
[BlackElo "2391"]
[PlyCount "107"]
[EventDate "2016.??.??"]

1. d4 Nf6 2. c4 g6 3. g3 Bg7 4. Bg2 O-O 5. Nf3 d5 6. O-O c6 7. Na3 b6 8. Bf4
Bb7 9. Rc1 Nbd7 10. cxd5 Nxd5 11. Ne5 Nxe5 12. dxe5 c5 13. Bg5 h6 14. Bd2 Qd7
15. Qb3 Rad8 16. Rfd1 Qc8 17. Qa4 Qa8 18. Qh4 g5 19. Qh5 Nb4 20. Bxb7 Qxb7 21.
h4 Qe4 22. hxg5 hxg5 23. Bxg5 Nxa2 24. Ra1 Qxe5 25. Nc4 Qe4 26. Ne3 Nb4 27. Bh6
Rxd1+ 28. Rxd1 Qg6 29. Qxg6 fxg6 30. Bxg7 Kxg7 31. Rd7 Nc6 32. Rc7 Rf6 33. Nd5
Re6 34. e4 Kf7 35. f4 Nb4 36. Nxb4 cxb4 37. e5 a5 38. Kf2 g5 39. Ke3 gxf4+ 40.
gxf4 Ke8 41. Ke4 Kd8 42. Rc2 Rh6 43. f5 b3 44. Rd2+ Ke8 45. Kd5 Kf7 46. Rg2 a4
47. f6 exf6 48. e6+ Ke7 49. Rg7+ Kf8 50. Rf7+ Ke8 51. Ra7 Rh2 52. Ra8+ Ke7 53.
Ra7+ Ke8 54. Ra8+ 1/2-1/2

[Event "BL 1617 SG Solingen - MSA Zugzwang"]
[Site "?"]
[Date "2016.12.03"]
[Round "5.5"]
[White "Gerigk, Erasmus"]
[Black "Naumann, Alexander"]
[Result "0-1"]
[WhiteElo "2366"]
[BlackElo "2567"]
[PlyCount "94"]
[EventDate "2016.??.??"]

1. e4 c5 2. Nc3 d6 3. f4 g6 4. Nf3 Bg7 5. Bb5+ Bd7 6. Bc4 Nc6 7. O-O Na5 8. d3
Nxc4 9. dxc4 Bc6 10. Qe1 Qd7 11. Bd2 Nh6 12. Rd1 O-O-O 13. Kh1 Ng4 14. Bc1 Bxc3
15. Qxc3 Nf6 16. e5 Ne4 17. Qa3 b6 18. exd6 f6 19. b4 exd6 20. bxc5 bxc5 21.
Be3 Kb8 22. Rd3 Ka8 23. Rfd1 Qc7 24. Nd2 Rhe8 25. Nxe4 Bxe4 26. R3d2 Bb7 27.
Bg1 f5 28. h3 h6 29. Qa4 Re6 30. Bf2 g5 31. fxg5 hxg5 32. Re1 Rxe1+ 33. Bxe1 f4
34. Bf2 f3 35. gxf3 Qc8 36. Kg2 Rh8 37. Bg3 Qxh3+ 38. Kf2 Rf8 39. Rd3 g4 40.
Re3 Qh8 41. Bxd6 gxf3 42. Qd7 Qd4 43. Qe7 Rg8 44. Kf1 Qxc4+ 45. Ke1 Rg1+ 46.
Kd2 Rg2+ 47. Ke1 f2+ 0-1

[Event "BL 1617 SG Solingen - MSA Zugzwang"]
[Site "?"]
[Date "2016.12.03"]
[Round "5.6"]
[White "Handke, Florian"]
[Black "Dr. Hoffmeyer, Falk"]
[Result "1-0"]
[WhiteElo "2515"]
[BlackElo "2361"]
[PlyCount "132"]
[EventDate "2016.??.??"]

1. e4 c6 2. d4 d5 3. Nd2 dxe4 4. Nxe4 Bf5 5. Ng3 Bg6 6. h4 h6 7. Nf3 Nd7 8. h5
Bh7 9. Bd3 Bxd3 10. Qxd3 e6 11. Bd2 Ngf6 12. O-O-O Be7 13. Kb1 Qb6 14. c4 Rd8
15. Qe2 O-O 16. Ka1 Rfe8 17. Be3 Ng4 18. Bc1 c5 19. Ne5 Ngf6 20. Nxd7 Nxd7 21.
d5 exd5 22. cxd5 Bd6 23. Qf3 Ne5 24. Qc3 Qb4 25. Qxb4 cxb4 26. Rh4 Nd7 27. Nf5
Bf8 28. d6 Re5 29. Rf4 Nb6 30. Kb1 g6 31. hxg6 fxg6 32. Ng3 Re6 33. Ne4 b3 34.
axb3 Bg7 35. f3 Nd7 36. Rh4 g5 37. Rhh1 Nf6 38. Nc5 Rexd6 39. Rxd6 Rxd6 40.
Nxb7 Rb6 41. Na5 Rb5 42. Bd2 Nd5 43. Rc1 Bd4 44. Rc6 Kh7 45. Rd6 Bg1 46. g4 Nf4
47. Rd7+ Kg8 48. Nc6 Rxb3 49. Ne7+ Kf8 50. Nf5 Ne6 51. Bc3 Rb6 52. Rh7 Nf4 53.
Nxh6 Ne2 54. Be5 Re6 55. Rh8+ Ke7 56. Nf5+ Kd7 57. Bb8 Kc6 58. Rg8 Kb7 59. Nd6+
Kc6 60. Ne4 Kb7 61. Bd6 Kc6 62. Ba3 Nd4 63. Nxg5 Rf6 64. Rc8+ Kb7 65. Rc3 Nb5
66. Rb3 Kc6 1-0

[Event "BL 1617 SG Solingen - MSA Zugzwang"]
[Site "?"]
[Date "2016.12.03"]
[Round "5.7"]
[White "Eichler, Christoph"]
[Black "Andersen, Mads"]
[Result "0-1"]
[WhiteElo "2325"]
[BlackElo "2547"]
[PlyCount "140"]
[EventDate "2016.??.??"]

1. e4 c5 2. Nf3 d6 3. d4 cxd4 4. Qxd4 Nc6 5. Bb5 a6 6. Bxc6+ bxc6 7. c4 e5 8.
Qd3 Be7 9. Nc3 Qc7 10. O-O Nf6 11. Bg5 O-O 12. Rac1 Bg4 13. h3 Bh5 14. b4 Qb7
15. Bxf6 Bxf6 16. Qxd6 Rad8 17. Qc5 Bxf3 18. gxf3 Be7 19. Qxe5 Qxb4 20. Rb1
Qxc4 21. Qxe7 Qxc3 22. Rb3 Qd2 23. Rfb1 Qxa2 24. Qc7 Rc8 25. Qf4 c5 26. Qc1 Qa4
27. Qa3 Qd7 28. Kg2 Rc6 29. Rb6 Qc8 30. Qa4 Re6 31. Rxe6 Qxe6 32. Rb7 Qg6+ 33.
Kf1 Qe6 34. Kg2 c4 35. Ra7 Qg6+ 36. Kf1 Qh5 37. Qxc4 Qxf3 38. Rxa6 Rd8 39. Qd5
Qxh3+ 40. Ke2 Qc8 41. Rd6 Rxd6 42. Qxd6 h5 43. f3 Qe6 44. Qd8+ Kh7 45. Kf2 f6
46. Qd1 Qe5 47. Qh1 Qc5+ 48. Ke2 Qb5+ 49. Kf2 Qc5+ 50. Ke2 Qg5 51. Qh3 Kh6 52.
Qc8 h4 53. Qh8+ Kg6 54. Qe8+ Kh7 55. Qc8 Qg2+ 56. Ke3 h3 57. Qf5+ Kh6 58. Qc8
Qg3 59. Qh8+ Kg6 60. Qe8+ Kg5 61. Qf8 Qe1+ 62. Kd3 Qd1+ 63. Ke3 Qc1+ 64. Ke2 g6
65. Qb8 Qf4 66. Qb1 h2 67. Kf2 Kh4 68. Ke2 Qg3 69. Qc1 Qg2+ 70. Kd3 Qxf3+ 0-1

[Event "BL 1617 SG Solingen - MSA Zugzwang"]
[Site "?"]
[Date "2016.12.03"]
[Round "5.8"]
[White "Wegerle, Joerg"]
[Black "Lammers, Markus"]
[Result "1/2-1/2"]
[WhiteElo "2431"]
[BlackElo "2316"]
[PlyCount "62"]
[EventDate "2016.??.??"]

1. c4 Nf6 2. g3 c5 3. Bg2 Nc6 4. Nc3 g6 5. a3 Bg7 6. Rb1 a5 7. d3 O-O 8. Nf3 d5
9. cxd5 Nxd5 10. Bd2 Nb6 11. O-O c4 12. Be3 Bf5 13. Nh4 Be6 14. Bxb6 Qxb6 15.
Nd5 Bxd5 16. Bxd5 cxd3 17. Qxd3 Rfd8 18. Qe4 e6 19. Bxc6 Qxc6 20. Qxc6 bxc6 21.
Nf3 Rdb8 22. b3 a4 23. bxa4 Bb2 24. Rfd1 c5 25. Rd2 Bc3 26. Rxb8+ Rxb8 27. Rc2
Rb3 28. Nd2 Bxd2 29. Rxd2 Rxa3 30. Rc2 Rxa4 31. Rxc5 Kg7 1/2-1/2

[Event "BL 1617 Werder Bremen - SG Trier"]
[Site "?"]
[Date "2016.12.04"]
[Round "6.1"]
[White "Erdos, Viktor"]
[Black "Areshchenko, Alexander"]
[Result "1/2-1/2"]
[WhiteElo "2602"]
[BlackElo "2678"]
[PlyCount "41"]
[EventDate "2016.??.??"]

1. d4 Nf6 2. c4 g6 3. Nc3 d5 4. Bf4 Bg7 5. e3 c5 6. dxc5 Qa5 7. Rc1 dxc4 8.
Bxc4 O-O 9. Nf3 Qxc5 10. Bb3 Nc6 11. O-O Qa5 12. h3 Bf5 13. Bc4 Rad8 14. Qb3
Qb4 15. Rcd1 Qxb3 16. Bxb3 h6 17. Ne5 Nxe5 18. Bxe5 Ne4 19. Bxg7 Kxg7 20. Nxe4
Bxe4 21. f3 1/2-1/2

[Event "BL 1617 Werder Bremen - SG Trier"]
[Site "?"]
[Date "2016.12.04"]
[Round "6.2"]
[White "Bluebaum, Matthias"]
[Black "Lupulescu, Constantin"]
[Result "1/2-1/2"]
[WhiteElo "2640"]
[BlackElo "2625"]
[PlyCount "77"]
[EventDate "2016.??.??"]

1. d4 Nf6 2. c4 e6 3. g3 d5 4. Bg2 dxc4 5. Nf3 Nc6 6. Qa4 Bb4+ 7. Bd2 Nd5 8.
Bxb4 Ndxb4 9. O-O Rb8 10. Nc3 a6 11. Ne5 O-O 12. Nxc6 Nxc6 13. Bxc6 bxc6 14.
Qxc4 Qd6 15. b3 Rb4 16. Ne4 Qxd4 17. Qxd4 Rxd4 18. f3 e5 19. Kf2 Rfd8 20. Rfc1
f6 21. Rc5 Bb7 22. Rac1 R8d5 23. Ke3 Kf8 24. Rxd5 Rxd5 25. Nc5 Bc8 26. Nd3 Bb7
27. Nb4 Rd6 28. Rc5 Ke7 29. Ra5 c5 30. Rxc5 Kd7 31. Nd3 Rb6 32. Rc4 Kd6 33. h4
Bd5 34. Rc5 Rb5 35. Rc2 a5 36. Nb2 Rb4 37. Nd3 Rb5 38. Nb2 Rb4 39. Nd3 1/2-1/2

[Event "BL 1617 Werder Bremen - SG Trier"]
[Site "?"]
[Date "2016.12.04"]
[Round "6.3"]
[White "Parligras, Mircea-Emilian"]
[Black "Edouard, Romain"]
[Result "1/2-1/2"]
[WhiteElo "2606"]
[BlackElo "2611"]
[PlyCount "87"]
[EventDate "2016.??.??"]

1. d4 d5 2. c4 dxc4 3. e3 Nf6 4. Bxc4 e6 5. Nf3 c5 6. O-O a6 7. dxc5 Qxd1 8.
Rxd1 Bxc5 9. Be2 b6 10. Nbd2 Bb7 11. Nc4 Nbd7 12. Nd4 Rc8 13. Nb3 Be7 14. Bd2
O-O 15. f3 Rc7 16. e4 Rfc8 17. Rdc1 e5 18. Kf1 a5 19. a4 Ba6 20. Ne3 Bxe2+ 21.
Kxe2 Kf8 22. Rxc7 Rxc7 23. Rc1 Rxc1 24. Bxc1 Ke8 25. Kd3 Kd8 26. g4 h6 27. h4
Kc7 28. g5 hxg5 29. hxg5 Ng8 30. Nd5+ Kc6 31. Be3 Bd8 32. Kc4 Ne7 33. Nd2 Nc8
34. b4 Nd6+ 35. Kb3 b5 36. bxa5 Bxa5 37. Ne7+ Kc7 38. axb5 Bxd2 39. Bxd2 Nxb5
40. Be3 Kd8 41. Nf5 g6 42. Nh6 Ke7 43. Kc4 Nc7 44. Ng4 1/2-1/2

[Event "BL 1617 Werder Bremen - SG Trier"]
[Site "?"]
[Date "2016.12.04"]
[Round "6.4"]
[White "Hracek, Zbynek"]
[Black "Bobras, Piotr"]
[Result "1/2-1/2"]
[WhiteElo "2608"]
[BlackElo "2523"]
[PlyCount "40"]
[EventDate "2016.??.??"]

1. e4 c5 2. Nf3 Nc6 3. d4 cxd4 4. Nxd4 Nf6 5. Nc3 e5 6. Ndb5 d6 7. Bg5 a6 8.
Na3 b5 9. Bxf6 gxf6 10. Nd5 f5 11. g3 fxe4 12. Bg2 Be6 13. Bxe4 Rc8 14. Qh5 Bg7
15. Rd1 Ne7 16. Nxe7 Qxe7 17. Nb1 d5 18. Bxd5 Bxd5 19. Rxd5 Qb4+ 20. Nd2 O-O
1/2-1/2

[Event "BL 1617 Werder Bremen - SG Trier"]
[Site "?"]
[Date "2016.12.04"]
[Round "6.5"]
[White "Cyborowski, Lukasz"]
[Black "Nyback, Tomi"]
[Result "1/2-1/2"]
[WhiteElo "2526"]
[BlackElo "2572"]
[PlyCount "43"]
[EventDate "2016.??.??"]

1. c4 Nf6 2. Nc3 e5 3. Nf3 Nc6 4. d3 Bb4 5. Bd2 O-O 6. e3 d5 7. cxd5 Nxd5 8.
Be2 Nxc3 9. Bxc3 Qe7 10. Qc2 Bf5 11. O-O e4 12. dxe4 Bxe4 13. Qb3 Rad8 14. Rfd1
Bxc3 15. Qxc3 Rxd1+ 16. Rxd1 Rd8 17. a3 Rxd1+ 18. Bxd1 Qd6 19. Be2 h6 20. Nd2
Bd5 21. f3 Qe5 22. Qxe5 1/2-1/2

[Event "BL 1617 Werder Bremen - SG Trier"]
[Site "?"]
[Date "2016.12.04"]
[Round "6.6"]
[White "Babula, Vlastimil"]
[Black "Jaracz, Pawel"]
[Result "1/2-1/2"]
[WhiteElo "2558"]
[BlackElo "2471"]
[PlyCount "41"]
[EventDate "2016.??.??"]

1. d4 Nf6 2. c4 e6 3. Nf3 b6 4. g3 c6 5. Bg2 Be7 6. O-O d5 7. Qc2 O-O 8. Nbd2
Bb7 9. e4 h6 10. Re1 Qc8 11. b3 dxe4 12. Nxe4 c5 13. Nxf6+ Bxf6 14. Bb2 Nc6 15.
Rad1 cxd4 16. Nxd4 Nxd4 17. Bxd4 Bxg2 18. Kxg2 Bxd4 19. Rxd4 Qc5 20. Red1 b5
21. Qe4 1/2-1/2

[Event "BL 1617 Werder Bremen - SG Trier"]
[Site "?"]
[Date "2016.12.04"]
[Round "6.7"]
[White "Seger, Ruediger"]
[Black "Markgraf, Rolf-Alexander"]
[Result "0-1"]
[WhiteElo "2363"]
[BlackElo "2517"]
[PlyCount "72"]
[EventDate "2016.??.??"]

1. e4 c5 2. c3 Nf6 3. e5 Nd5 4. d4 cxd4 5. Nf3 e6 6. cxd4 d6 7. Bc4 Nc6 8. O-O
Be7 9. Qe2 O-O 10. Qe4 Bd7 11. Re1 Rc8 12. a3 Na5 13. Ba2 Ba4 14. Qg4 Bc2 15.
Bxd5 Bf5 16. Qf4 dxe5 17. Rxe5 exd5 18. Rxf5 Nb3 19. Nc3 Nxa1 20. Qg4 Qb6 21.
Re5 Bf6 22. Re1 Nc2 23. Rd1 Qe6 24. Qf4 Nxa3 25. Re1 Qd7 26. Ne5 Bxe5 27. dxe5
Nb5 28. Qg3 Qc6 29. Bd2 Nxc3 30. Bxc3 Qg6 31. Qe3 b6 32. f3 Rfd8 33. Rd1 Rc4
34. Bd4 Rc2 35. g4 h5 36. h3 hxg4 0-1

[Event "BL 1617 Werder Bremen - SG Trier"]
[Site "?"]
[Date "2016.12.04"]
[Round "6.8"]
[White "Meins, Gerlef"]
[Black "Kolbus, Dietmar"]
[Result "1/2-1/2"]
[WhiteElo "2406"]
[BlackElo "2299"]
[PlyCount "66"]
[EventDate "2016.??.??"]

1. Nf3 d5 2. d4 c6 3. e3 Bf5 4. Bd3 Bxd3 5. Qxd3 Nf6 6. Nbd2 Nbd7 7. e4 Nxe4 8.
Nxe4 dxe4 9. Qxe4 e6 10. O-O Be7 11. c4 O-O 12. Rd1 Re8 13. Bf4 Qa5 14. Qc2
Rac8 15. b3 Qh5 16. h3 Qa5 17. Qe2 Bf6 18. Rac1 Nf8 19. Qd2 Qxd2 20. Rxd2 Ng6
21. Be3 a6 22. Rcd1 Red8 23. d5 cxd5 24. cxd5 exd5 25. Rxd5 Kf8 26. Ng5 Bxg5
27. Bxg5 Rxd5 28. Rxd5 Ke8 29. Rd2 Nf8 30. g4 Ne6 31. Be3 Rc3 32. Kg2 Ke7 33.
Kf1 Rc1+ 1/2-1/2

[Event "BL 1617 Hamburger SK - DJK Aachen"]
[Site "?"]
[Date "2016.12.04"]
[Round "6.1"]
[White "Granda Zuniga, Julio Ernesto"]
[Black "Grandelius, Nils"]
[Result "1-0"]
[WhiteElo "2646"]
[BlackElo "2643"]
[PlyCount "89"]
[EventDate "2016.??.??"]

1. d4 Nf6 2. c4 e6 3. Nc3 Bb4 4. Bd2 d5 5. e3 O-O 6. Nf3 c5 7. a3 Bxc3 8. Bxc3
Ne4 9. Rc1 Nd7 10. dxc5 Ndxc5 11. cxd5 Nxc3 12. Rxc3 Ne4 13. Rd3 Qb6 14. Rb3
Qa5+ 15. Rb4 Rd8 16. Qc2 Nf6 17. e4 Bd7 18. Bd3 Rac8 19. Qb1 exd5 20. e5 Ne4
21. O-O Bc6 22. Nd4 Re8 23. Nb3 Qc7 24. f3 a5 25. Rd4 a4 26. fxe4 axb3 27. exd5
Qxe5 28. Bxh7+ Kf8 29. Rfd1 Qe3+ 30. Kh1 Bd7 31. Re4 Rxe4 32. Bxe4 Re8 33. Bf3
g5 34. d6 Bf5 35. Qc1 Qxc1 36. Rxc1 b6 37. g4 Bc2 38. d7 Rd8 39. Bc6 Ke7 40.
Re1+ Kd6 41. Re8 Kc7 42. Kg2 Bg6 43. Bb5 f6 44. Re6 Rf8 45. Re8 1-0

[Event "BL 1617 Hamburger SK - DJK Aachen"]
[Site "?"]
[Date "2016.12.04"]
[Round "6.2"]
[White "Kempinski, Robert"]
[Black "Iturrizaga Bonelli, Eduardo Pa"]
[Result "1/2-1/2"]
[WhiteElo "2594"]
[BlackElo "2652"]
[PlyCount "99"]
[EventDate "2016.??.??"]

1. d4 Nf6 2. c4 b6 3. g3 Bb7 4. Nf3 c5 5. d5 b5 6. Bg2 d6 7. O-O bxc4 8. Nc3
Nbd7 9. Nd2 g6 10. Nxc4 Bg7 11. Rb1 O-O 12. b3 Ba6 13. Ne3 Qa5 14. Qc2 Ng4 15.
Ned1 Rab8 16. h3 Ngf6 17. Bd2 c4 18. bxc4 Bxc4 19. Ne3 Rbc8 20. Nb5 Qxa2 21.
Qxa2 Bxa2 22. Ra1 Rb8 23. Nxa7 Rb2 24. Bc3 Rxe2 25. Nc6 e6 26. Bf3 Rxe3 27.
fxe3 Bxd5 28. Ne7+ Kh8 29. Nxd5 Nxd5 30. Bxg7+ Kxg7 31. Bxd5 exd5 32. Ra6 Nc5
33. Rxd6 Ne4 34. Rxd5 Nxg3 35. Rf3 Ne4 36. Re5 Nf6 37. e4 Ng8 38. Ra5 Re8 39.
Rf4 Nf6 40. e5 Nd7 41. Re4 Re7 42. Kf2 Nf8 43. Rea4 Rb7 44. h4 Ne6 45. Ra7 Rb5
46. Re4 Rb2+ 47. Kf3 h5 48. Kg3 Rb3+ 49. Kg2 Rb2+ 50. Kg3 1/2-1/2

[Event "BL 1617 Hamburger SK - DJK Aachen"]
[Site "?"]
[Date "2016.12.04"]
[Round "6.3"]
[White "van Foreest, Jorden"]
[Black "Svane, Rasmus"]
[Result "1-0"]
[WhiteElo "2605"]
[BlackElo "2555"]
[PlyCount "71"]
[EventDate "2016.??.??"]

1. d4 d5 2. Bf4 Nf6 3. e3 e6 4. Nd2 c5 5. Ngf3 Nc6 6. c3 Bd6 7. Bg3 O-O 8. Bd3
b6 9. e4 Be7 10. e5 Nh5 11. Ng5 Bxg5 12. Qxh5 g6 13. Qe2 cxd4 14. h4 Bxd2+ 15.
Qxd2 dxc3 16. bxc3 d4 17. c4 Qe7 18. Rb1 h5 19. Bf4 Bb7 20. O-O Rfc8 21. Bg5
Qf8 22. Bf6 Ne7 23. Qg5 Nf5 24. Bxf5 exf5 25. e6 Kh7 26. e7 Qe8 27. Rfd1 Rxc4
28. Rxd4 Rxd4 29. Bxd4 Qc6 30. Rd1 Qd6 31. Rd2 Re8 32. Be3 Qxe7 33. Qh6+ Kg8
34. Bd4 f6 35. Qxg6+ Kf8 36. Bxf6 1-0

[Event "BL 1617 Hamburger SK - DJK Aachen"]
[Site "?"]
[Date "2016.12.04"]
[Round "6.4"]
[White "Huschenbeth, Niclas"]
[Black "Donchenko, Alexander"]
[Result "1/2-1/2"]
[WhiteElo "2548"]
[BlackElo "2564"]
[PlyCount "97"]
[EventDate "2016.??.??"]

1. e4 g6 2. d4 Bg7 3. Nc3 d6 4. f4 Nf6 5. Bd3 Bg4 6. Nf3 Nc6 7. d5 Nd4 8. Be3
c5 9. dxc6 Bxf3 10. gxf3 Nxc6 11. Qd2 Qa5 12. Bc4 O-O 13. O-O-O Rfc8 14. Bb3
Qh5 15. Qf2 Na5 16. Nd5 Nxb3+ 17. axb3 Nxd5 18. Rxd5 Qh3 19. f5 e6 20. fxe6
Qxe6 21. Rhd1 Rc6 22. Kb1 Rac8 23. c3 a6 24. h4 h5 25. Bd4 Bxd4 26. Qxd4 Re8
27. Rg1 Kf8 28. Ka2 Rec8 29. Rd1 Kg8 30. Rg1 Kf8 31. f4 Re8 32. Re1 Rc5 33.
Rxc5 dxc5 34. Qxc5+ Qe7 35. Qf2 Qf6 36. e5 Qd8 37. Qg3 Qa5+ 38. Kb1 Qd5 39. f5
gxf5 40. Qf4 Re6 41. Qxf5 Qxb3 42. Qxh5 Rb6 43. Qe2 Qxc3 44. Rd1 Qg3 45. h5 Re6
46. Rd5 Qg5 47. Qf3 Rxe5 48. Rxe5 Qxe5 49. Qxb7 1/2-1/2